Statistics for Diaspora-Haiti

Click here to take the quiz!

General Stats

  • This quiz has been taken 228 times
  • The average score is 11 of 13

Answer Stats

Number of immigrantsContinentCountry% Correct
929.074North AmericaUnited States of America
99%
137.995North AmericaCanada
97%
155.535South AmericaBrazil
95%
5.000North AmericaMexico
95%
102.909EuropeFrance
93%
800.000North AmericaDominican Republic
91%
300.000North AmericaCuba
87%
30.000South AmericaVenezuela
87%
8.400EuropeUnited Kingdom
80%
7.600North AmericaDominica
76%
112.414South AmericaChile
74%
80.000North Americathe Bahamas
67%
33.500South AmericaGuyana
66%

Score Distribution

Percentile by Number Answered

Percent of People with Each Score

Your Score History

You have not taken this quiz